Workshop technology: an introductory course, Part. 1 (Record no. 10350)

000 -LEADER
fixed length control field 01062nam a2200181Ia 4500
008 - FIXED-LENGTH DATA ELEMENTS--GENERAL INFORMATION
fixed length control field 200103s 1943 ||||xx |||||||||||||| ||und||
082 ## - DEWEY DECIMAL CLASSIFICATION NUMBER
Classification number 670.42
Item number CHA
100 ## - MAIN ENTRY--PERSONAL NAME
Personal name Chapman, W. A. J.
245 #0 - TITLE STATEMENT
Title Workshop technology: an introductory course, Part. 1
260 ## - PUBLICATION, DISTRIBUTION, ETC. (IMPRINT)
Name of publisher, distributor, etc Edward Arnold & Co.
Date of publication, distribution, etc 1943
Place of publication, distribution, etc London
300 ## - PHYSICAL DESCRIPTION
Extent 303 p.
504 ## - BIBLIOGRAPHY, ETC. NOTE
Bibliography, etc Table of Contents<br/><br/>1. Introduction - materials - iron and steel<br/>2. The properties and treatment of iron and steel<br/>3. Non-ferrous metals and alloys - Alloy steels - Preparation of metals<br/>4. Heat processes - forging, riveting, soldering and brazing<br/>5. Power, safety and care<br/>6. Metal cutting<br/>7. Checking and measurement of surfaces<br/>8. The bench. Flat surfaces - Filing, chipping, scraping<br/>9. Marking out, drilling, screwing<br/>10. Introduction to the lathe<br/>11. Chuck work - Face-plate - Taper turning - Screw-cutting<br/>12. The shaping machine <br/>Appendix <br/>Index<br/>
650 ## - SUBJECT ADDED ENTRY--TOPICAL TERM
Topical term or geographic name as entry element Machine-shop practice
650 ## - SUBJECT ADDED ENTRY--TOPICAL TERM
Topical term or geographic name as entry element Machine-tools
650 ## - SUBJECT ADDED ENTRY--TOPICAL TERM
Topical term or geographic name as entry element Workshops
650 ## - SUBJECT ADDED ENTRY--TOPICAL TERM
Topical term or geographic name as entry element Manufacturing processes
942 ## - ADDED ENTRY ELEMENTS (KOHA)
Item type Books
Holdings
Withdrawn status Lost status Source of classification or shelving scheme Damaged status Not for loan Collection code Permanent location Current location Shelving location Date acquired Full call number Barcode Date last seen Koha item type Public note
          Non-fiction IMU-MPC Library IMU-MPC Library General Stacks 2020-01-08 670.42 CHA LBS603 2025-03-17 Books Column - 55
Copyright © 2021 Indian Maritime University, Mumbai Port Campus. All Rights Reserved. Managed & Maintained by Central Library, IMU-Mumbai

webs counters

Powered by Koha